000 00322nam a2200121 i 4500
001 bg
245 0 _aSuszenie płodów rolnych :
_bmiędzynarodowa konferencja Warszawa 11-16 październik 1971.
260 _aWarszawa,
_c1974.
040 _cBPK
041 _apol
942 _cKS
008 s pl f |000 0 pol
999 _c15825
_d15825
856 _uhttp://koha.tu.koszalin.pl/cgi-bin/koha/opac-detail.pl?biblionumber=15825
_yKatalog online BPK